00332nam a22000977a 4500008004100000020001900041050002100060100002500081245011200106300001600218230817b |||||||| |||| 00| 0 eng d a978-3639003918 aRJ499b.F36 2008 aFanti, Kostas Andrea aDevelopment and Co-development of Aggressive and Depressive Psychopathology :bInfancy to early adolescence aviii, 114p.